Estados contables proyectados con metodologías difusas (Registro nro. 17861)

Detalles MARC
000 -LEADER
fixed length control field 00433 a2200133 4500
001 - CONTROL NUMBER
control field ART_46109
005 - DATE AND TIME OF LATEST TRANSACTION
control field 20260410161731.0
008 - FIXED-LENGTH DATA ELEMENTS--GENERAL INFORMATION
fixed length control field 260409a
100 1# - MAIN ENTRY--PERSONAL NAME
Personal name Mallo, Paulino E.
245 10 - TITLE STATEMENT
Title Estados contables proyectados con metodologías difusas
700 1# - ADDED ENTRY--PERSONAL NAME
Personal name Artola, María A.
700 1# - ADDED ENTRY--PERSONAL NAME
Personal name Morettini, Mariano
773 0# - HOST ITEM ENTRY
Title Escritos contables y de administración
Related parts - Vol. 2, Nº 2 (jul./dic. 2011)
Record control number REV2758

No hay ítems disponibles.